Catálogo

Aplicación práctica del código fiscal de la federación / (Registro nro. 10479)

Detalles MARC
000 -LEADER
fixed length control field 01462cam a2200361 i 4500
001 - CONTROL NUMBER
control field 10479
003 - CONTROL NUMBER IDENTIFIER
control field Mx-PuUPA
005 - DATE AND TIME OF LATEST TRANSACTION
control field 20260324125248.0
008 - FIXED-LENGTH DATA ELEMENTS--GENERAL INFORMATION
fixed length control field 140415s2026 mx gr l 000 0 spa d
020 ## - INTERNATIONAL STANDARD BOOK NUMBER
International Standard Book Number 9786075417370
040 ## - CATALOGING SOURCE
Transcribing agency Mx-PuUPA
Original cataloging agency Mx-PuUPA
Language of cataloging spa
Modifying agency Mx-PuUPA
Description conventions rda
041 0# - LANGUAGE CODE
Language code of text/sound track or separate title spa
043 ## - GEOGRAPHIC AREA CODE
Geographic area code n-mx---
100 1# - MAIN ENTRY--PERSONAL NAME
Personal name Sánchez Miranda, Arnulfo,
Relator term autor
9 (RLIN) 4985
245 10 - TITLE STATEMENT
Title Aplicación práctica del código fiscal de la federación /
Statement of responsibility, etc. Arnulfo Sánchez Miranda
250 ## - EDITION STATEMENT
Edition statement 21a. edición /
Remainder of edition statement enero
264 #1 - PRODUCTION, PUBLICATION, DISTRIBUTION, MANUFACTURE, AND COPYRIGHT NOTICE
Place of production, publication, distribution, manufacture Ciudad de México :
Name of producer, publisher, distributor, manufacturer Ediciones Fiscales ISEF,
Date of production, publication, distribution, manufacture, or copyright notice 2026
300 ## - PHYSICAL DESCRIPTION
Extent 363 páginas ;
Dimensions 21 cm
336 ## - CONTENT TYPE
Fuente rdacontent
Content type term texto
Content type code txt
337 ## - MEDIA TYPE
Source rdamedia
Media type term sin medio
Media type code n
338 ## - CARRIER TYPE
Source rdacarrier
Carrier type term volumen
Carrier type code nc
490 0# - SERIES STATEMENT
Series statement Línea Universitaria
500 ## - GENERAL NOTE
General note "Comprobantes fiscales falsos y auditorías rápidas". -- Cubiertas
500 ## - GENERAL NOTE
General note "Con reformas fiscales y RMF 2026". -- Cubierta
650 #7 - SUBJECT ADDED ENTRY--TOPICAL TERM
9 (RLIN) 13986
Source of heading or term armarc
Topical term or geographic name entry element Impuestos
General subdivision Derecho
Geographic subdivision México
650 #7 - SUBJECT ADDED ENTRY--TOPICAL TERM
Source of heading or term armarc
Topical term or geographic name entry element Finanzas públicas
Form subdivision Legislación
Geographic subdivision México
650 #7 - SUBJECT ADDED ENTRY--TOPICAL TERM
Source of heading or term armarc
Topical term or geographic name entry element Impuesto
Geographic subdivision México
942 ## - ADDED ENTRY ELEMENTS (KOHA)
Source of classification or shelving scheme Dewey Decimal Classification
Koha item type Libro
Classification part 343.7204
Item part S54
Existencias
Withdrawn status Lost status Source of classification or shelving scheme Damaged status Not for loan Collection code Home library Current library Shelving location Date acquired Source of acquisition Cost, normal purchase price Total Checkouts Full call number Barcode Date last seen Cost, replacement price Price effective from Koha item type Copy number
    Dewey Decimal Classification     General Biblioteca Karol Wojtyla Biblioteca Karol Wojtyla Sala general 23/03/2026 1 522.00   343.7204 S54 2026 106356 07/04/2026 522.00 23/03/2026 Libro  
    Dewey Decimal Classification     General Biblioteca Karol Wojtyla Biblioteca Karol Wojtyla Sala general 23/03/2026 1 522.00   343.7204 S54 2026 106357 07/04/2026 522.00 23/03/2026 Libro Ej.2